000 00561nam a2200241 a 4500
001 nice12345678
003 IN_TiNIC
005 20260116013000.0
008 050524s1984 mosa grp 000 0 eng
020 _a
_c100
082 0 0 _a305.6297049
_bEMI
100 _aEmin, Leon
245 _aMuslims in the USSR
260 _aMoscow
_bNovosti Press
_c1984
300 _a55p
500 _aincludes index and biblioraphy
505 2 _aBibliography
650 _aMuslims-Russia
700 1 _aEmin, Leon
902 _bSRS
942 _cBK
999 _c9158
_d9158